000 00408 a2200121 4500
001 ART_3008
005 20260410161712.0
008 260409a
245 1 0 _aFactores limitantes al cambio tecnológico en el sector agropecuario
100 1 _aObschatko, Edith S. de
700 1 _ade Janvry, Alain
773 0 _tDesarrollo económico
_g- Vol. 11, Nº 42/44 (jul. 1971 / mar. 1972)
_wREV1174
999 _c16135
_d16135